| 000 | 03255cam a2200361 a 4500 | ||
|---|---|---|---|
| 999 |
_c7315 _d7315 |
||
| 001 | 7315 | ||
| 003 | BD-JhCC | ||
| 005 | 20180207192156.0 | ||
| 008 | 100510s2010 nyuaf b 001 0beng | ||
| 020 | _a9781594202667 | ||
| 020 | _a1594202664 | ||
| 035 | _a(BD-JhCC)7315 | ||
| 040 |
_aDLC _cDLC _dBTCTA _dYDXCP _dUPZ _dC#P _dBWX _dCDX _dNSB _dLMR _dVP@ _dLML _dMNW _dDLC _dBD-JhCC |
||
| 041 | _aeng | ||
| 050 | 0 | 0 |
_aE312 _b.C495 2010 |
| 082 | 0 | 0 |
_a973.4/1092 _aB _222 _bCHE 2010 |
| 100 | 1 | _aChernow, Ron. | |
| 245 | 1 | 0 |
_aWashington : _ba life / _cRon Chernow. |
| 260 |
_aNew York : _bPenguin Press, _c2010. |
||
| 300 |
_axxi, 904 p., [16] p. of plates : _bill. ; _c25 cm. |
||
| 504 | _aIncludes bibliographical references (p. [859]-867) and index. | ||
| 505 | 0 | _aPrelude: the portrait artist -- PART ONE: The frontiersman. A short-lived family -- Fortune's favorite -- Wilderness mission -- Bloodbath -- Shades of death -- The soul of an army -- A votary to love -- Darling of a grateful country -- PART TWO: The planter. The man of mode -- A certain species of property -- The prodigy -- Providence -- A world of his own -- The Asiatic prince -- A shock of electricity -- PART THREE: The general. The glorious game -- Magnificent bluff -- Land of freedom -- The heights -- All London afloat -- Disaster -- An indecisive mind -- The crossing -- The busy scenes of a camp -- Darkness visible -- Rapping a demigod over the knuckles -- A dreary kind of place -- The long retreat -- Pests of society -- The storm thickens -- The traitor -- Mutiny -- Plundering scoundrels -- The world turned upside down -- Man of moderation -- Closing the drama with applause -- Cincinnatus -- PART FOUR: The statesman. American celebrity -- Gentleman farmer -- Devil's bargain -- The ruins of the past -- A masterly hand -- A house on fire -- Rising sun -- Mounting the seat -- PART FIVE: The president. The place of execution -- Acting the presidency -- The cares of office -- Rays of genius -- The traveling presidency -- The state of the president -- Capital matters -- Southern exposure -- Running into extremes -- A tissue of machinations -- Citizen Genet -- Bring out your dead -- Hercules in the field -- Crowns and coronets -- Mad dog -- The colossus of the people -- The master of farewells -- Exiting the stage -- PART SIX:The legend. Samson and Solomon -- A mind on the stretch -- Freedom -- Homecoming. | |
| 520 | _aIn "Washington : a Life" celebrated biographer Ron Chernow provides a richly nuanced portrait of the father of our nation, dashing forever the stereotype of a stolid, unemotional man, and revealing an astute and surprising portrait of a canny political genius who knew how to inspire people. | ||
| 600 | 1 | 0 |
_aWashington, George, _d1732-1799. |
| 650 | 0 |
_aPresidents _zUnited States _vBiography. |
|
| 650 | 0 |
_aGenerals _zUnited States _vBiography. |
|
| 651 | 0 |
_aUnited States _xHistory _y1783-1815. |
|
| 856 | 4 | 2 |
_3Contributor biographical information _uhttp://www.loc.gov/catdir/enhancements/fy1106/2010019154-b.html |
| 856 | 4 | 2 |
_3Publisher description _uhttp://www.loc.gov/catdir/enhancements/fy1106/2010019154-d.html |
| 856 | 4 | 1 |
_3Sample text _uhttp://www.loc.gov/catdir/enhancements/fy1204/2010019154-s.html |
| 942 |
_2ddc _cBK |
||